| 000 | 00872nam a2200241 i 4500 | ||
|---|---|---|---|
| 001 | 18158 | ||
| 003 | ES-MaACL | ||
| 005 | 20230906151753.0 | ||
| 007 | t| | ||
| 008 | 011001s1971 fr ||||1| spa d | ||
| 080 | _a94(460)"1936/39" | ||
| 100 | 1 |
_aBorkenau, Franz. _930510 |
|
| 245 | 1 | 3 |
_aEl reñidero español _b: relato de un testigo de los conflictos sociales y políticos de la guerra civil española / _cFranz Borkenau. |
| 260 |
_a[Paris] : _bRuedo Ibérico, _c[1971] |
||
| 300 |
_aXII, 240 p. ; _c24 cm. |
||
| 490 | 1 | _aEspaña contemporánea | |
| 600 | 1 | 4 |
_aBorkenau, Franz. _930510 |
| 651 | 4 |
_aEspaña- _xHistoria- _y1936-1939, Guerra civil- _vRelatos personales alemanes. _9171691 |
|
| 710 | 2 |
_aÉditions Ruedo ibérico. _9145333 |
|
| 830 | 1 |
_aEspaña contemporánea _9180360 |
|
| 852 |
_aES-MaACL _jAND-96 _z- Biblioteca Juan Andrade. |
||
| 999 |
_c18158 _d18158 |
||